000
00305nam a2200121 a 4500
001
4140
005
20140414132014.0
008
090218s19uu xx 00 eng d
050
_a
TR
_b
AB1 1991
100
_a
Seuss, Dr.
245
_a
Dr. Seuss ABC flip the flans with the cat in the hat!.
999
_c
113332
_d
113332